<?xml version="1.0" encoding="UTF-8"?>
<marc:record xmlns:marc="http://www.loc.gov/MARC21/slim">
   <marc:leader>00000nam a2200000 a 4500</marc:leader>
   <marc:datafield ind1="1" ind2=" " tag="100">
      <marc:subfield code="a">Verhoeven, Simon [Buch]</marc:subfield>
      <marc:subfield code="4">aut</marc:subfield>
      <marc:subfield code="e">Verfasser/-in</marc:subfield>
   </marc:datafield>
   <marc:datafield ind1="1" ind2=" " tag="100">
      <marc:subfield code="a">Berger, Senta</marc:subfield>
   </marc:datafield>
   <marc:datafield ind1="1" ind2=" " tag="100">
      <marc:subfield code="a">Fitz, Florian David</marc:subfield>
   </marc:datafield>
   <marc:datafield ind1="1" ind2=" " tag="100">
      <marc:subfield code="a">M'Barek, Elyas</marc:subfield>
   </marc:datafield>
   <marc:datafield ind1="1" ind2=" " tag="100">
      <marc:subfield code="a">Lauterbach, Heiner</marc:subfield>
   </marc:datafield>
   <marc:datafield ind1=" " ind2=" " tag="653">
      <marc:subfield code="a">Flüchtlinge</marc:subfield>
   </marc:datafield>
   <marc:datafield ind1="0" ind2="0" tag="245">
      <marc:subfield code="a">Willkommen bei den Hartmanns</marc:subfield>
   </marc:datafield>
   <marc:datafield ind1="0" ind2="0" tag="245">
      <marc:subfield code="c">Simon Verhoeven</marc:subfield>
   </marc:datafield>
   <marc:datafield ind1=" " ind2="1" tag="264">
      <marc:subfield code="a">Hamburg</marc:subfield>
      <marc:subfield code="b">Warner Brothers</marc:subfield>
      <marc:subfield code="c">2016</marc:subfield>
   </marc:datafield>
   <marc:datafield ind1="1" ind2=" " tag="520">
      <marc:subfield code="a">Der Familie Hartmann stehen turbulente Zeiten bevor, als Mutter Angelika nach dem Besuch eines Flüchtlingsheims beschließt, gegen den Willen ihres Mannes Richard mit Diallo einen der dortigen Bewohner bei sich aufzunehmen. Und bald füllt sich das Haus noch weiter. Denn Tochter Sophie, eine ziellose Dauerstudentin auf der Flucht vor einem Verehrer, und der Burnout-gefährdete Sohn Philipp samt Enkel Basti ziehen wieder zuhause ein. Während der Nachwuchs bald feststellen muss, dass es in der Ehe seiner Eltern kräftig kriselt, durchlebt die Familie durch die ungewohnte Situation in ihrem Haus lauter Wirrungen und Turbulenzen - da geht es den Hartmanns wie dem Rest des Landes.</marc:subfield>
   </marc:datafield>
   <marc:datafield ind1=" " ind2=" " tag="020">
      <marc:subfield code="a">5051890307088</marc:subfield>
      <marc:subfield code="9">5051890307088</marc:subfield>
   </marc:datafield>
   <marc:datafield ind1="0" ind2=" " tag="490">
      <marc:subfield code="v">0</marc:subfield>
   </marc:datafield>
   <marc:datafield ind1=" " ind2=" " tag="300">
      <marc:subfield code="a">DVD; ca. 116 Min.</marc:subfield>
   </marc:datafield>
</marc:record>
